| 000 | 02385nam a2200325 a 4500 | ||
|---|---|---|---|
| 001 | 000047562 | ||
| 005 | 20240409110227.0 | ||
| 008 | 150206s2007 dr ac r 000 0 spa d | ||
| 020 | _a9789945443165 (v. 98) | ||
| 040 |
_aDO-SdBNP _bspa _cBNPHU |
||
| 082 |
_aRD860.8 _bC744o, 2006 |
||
| 111 | 2 |
_aConcurso de Arte y Literatura Bancentral _n(10 : _d2006 : _cSanto Domingo, República Dominicana) _975210 |
|
| 245 | 1 | 0 | _aObras premiadas : décimo concurso de arte y literatura Bancentral 2006. |
| 260 |
_aSanto Domingo : _bBanco Central de la República Dominicana, _c2007. |
||
| 300 |
_a100 p. : _bil., retrs. ; _c24 cm. |
||
| 490 | 1 |
_aBanco Central de la República Dominicana _v98 |
|
| 490 | 1 |
_aObras premiadas _v10 |
|
| 505 | 0 |
_aCuentos -- _tReencuentro -- _gPrimer lugar -- _rLuis Sánchez Cavallo (Atlante) / _tSólo un sueño -- _gSegundo lugar -- _rNércido M. Vargas (Mene) / _tManabao -- _gTercer lugar -- _rEllen Pérez Ducy (Estrellita) / |
|
| 505 | 0 |
_aPintura -- _tVendedor de tomates -- _gPrimer premio -- _rCándida Laureano de Mejía (Lala) / _tReflejo de nuestro amor -- _gSegundo premio -- _rMiriam Rivera de Velázquez (Solsticio) / _tHabichuelas -- _gPrimer tercer premio -- _rCándida Laureano de Mejía (Lala) / _tEl fogón de mi abuela -- _gSegundo tercer premio -- _rGeraldo Pimentel Ramírez (Emile) / |
|
| 505 | 0 |
_aDibujos -- _tAmérica es mujer, la naturaleza es mujer -- _gPrimer premio -- _rPatría M. Román G. (Octubre) / _tNaturaleza muerta -- _gSegundo premio -- _rMiriam Rivera de Velásquez (Solsticio) / |
|
| 505 | 0 |
_aFotografía -- _tMesa redonda -- _gPrimer premio -- _rSheyla C. Hernández C. (Caracol) / _tHuellas en las dunas -- _gSegundo lugar -- _rMiriam Rivera de Velásquez (Solsticio) / _tVerde que te quiero verde -- _gTercer lugar -- _rAnabelle Linares (Lula) / _tMAnos laboriosas -- _gPrimera mención de honor -- _rAnabelle Linares (Lula) / _tFlora y fauna -- _gSegunda mención de honor -- _rLuis Manuel Ferreras (Voz Silente) / |
|
| 590 | _aInventariado, 2018/YL | ||
| 650 | 4 |
_aCuentos dominicanos _ySIGLO XXI _943522 |
|
| 650 | 4 |
_aCertámenes literarios _ySIGLO XXI _943523 |
|
| 650 | 0 |
_aLiteratura dominicana _ySiglo XXI _943524 |
|
| 650 | 4 |
_aPremios literarios _ySIGLO XXI _943525 |
|
| 650 | 4 |
_aArte y literatura _ySIGLO XXI _975187 |
|
| 830 | 0 |
_aBanco Central de la República Dominicana. _v98 _pObras premiadas _n10 _975211 |
|
| 910 | _aValidado. Control de calidad MFF | ||
| 999 |
_c47050 _d47050 |
||